Umbigo indiscreto (Record no. 186484)

MARC details
000 -LÍDER
campo de controle de tamanho fixo 00349 a2200169 4500
001 - NÚMERO DE CONTROLE
campo de controle 186484
020 ## - ISBN - INTERNATIONAL STANDARD BOOK NUMBER
ISBN - International Standard Book Number 85-16-02588-8
040 ## - FONTE DA CATALOGAÇÃO
Instituição que transcreveu o registro Magnum
100 ## - ENTRADA PRINCIPAL--NOME PESSOAL
Nome pessoal Furnari, Eva
240 10 - TÍTULO UNIFORME
Título uniforme Umbigo indiscreto
Idioma da obra por
245 10 - TÍTULO
Título Umbigo indiscreto
300 ## - DESCRIÇÃO FÍSICA
Extensão 32
362 0# - DATAS DE PUBLICAÇÃO E/OU DESIGNAÇÃO SEQUENCIAL
Datas de publicação e/ou designação sequencial 2000
440 #1 - DECLARAÇÃO DE SÉRIE/ENTRADA ADICIONADA--TÍTULO
Título Moderna
697 ## - ENTRADA DE ASSUNTO LOCAL--ENTIDADE COLETIVA (RLIN)
Nome corporativo ou nome da jurisdição LITERATURA INFANTO
942 ## - ELEMENTOS DE ENTRADA ADICIONADOS (KOHA)
Tipo de material Koha Livros
Holdings
Situação do descarte Situação das perdas Situação física Não pode ser emprestado Biblioteca de origem Biblioteca atual Data de aquisição Total de empréstimos Número de chamada completo Código de barras Data de último acesso Data do preço efetivo Tipo de material Koha
        Magnum Magnum 08/06/2024   869.1.130 MAG00053775 08/06/2024 08/06/2024 Livros
        Magnum Magnum 08/06/2024   869.1.130 MAG00053776 08/06/2024 08/06/2024 Livros
        Magnum Magnum 08/06/2024   869.1.130 MAG00053777 08/06/2024 08/06/2024 Livros
        Magnum Magnum 08/06/2024   869.1.130 MAG00053778 08/06/2024 08/06/2024 Livros
        Magnum Magnum 08/06/2024   869.1.130 MAG00053779 08/06/2024 08/06/2024 Livros